Preliminary evaluation of weed control methods in planting strips of rubber (Record no. 51563)

MARC details
000 -LEADER
fixed length control field 00601nam a2200157Ia 4500
100 ## - MAIN ENTRY--AUTHOR NAME
Personal name Philip V.
245 #0 - TITLE STATEMENT
Title Preliminary evaluation of weed control methods in planting strips of rubber
260 ## - PUBLICATION, DISTRIBUTION, ETC. (IMPRINT)
Name of publisher In: Developments in plantation crops research: Placrosym XII, 27-29 November 1996, Kottayam, India. (Eds. N.M. Mathew and C. Kuruvilla Jacob). Allied Publishers, New Delhi, India, pp. 163-166.
Year of publication 1998
650 ## - SUBJECT ADDED ENTRY--TOPICAL TERM
Topical Term Weed control
650 ## - SUBJECT ADDED ENTRY--TOPICAL TERM
Topical Term Weedicide
700 ## - ADDED ENTRY--PERSONAL NAME
Personal name Jessy M.D.
700 ## - ADDED ENTRY--PERSONAL NAME
Personal name Prathapan K.
700 ## - ADDED ENTRY--PERSONAL NAME
Personal name Punnoose K.I.
942 ## - ADDED ENTRY ELEMENTS (KOHA)
Koha item type Bibliography STAF
Holdings
Withdrawn status Lost status Damaged status Not for loan Home library Current library Shelving location Date acquired Koha item type
      Bibliography RRII Library RRII Library Soils and agonomy 09/04/2014 Bibliography STAF